Girasol /

Guardado en:
Autor Corporativo: Asociación Argentina de Consorcios Regionales de Experimentación Agrícola.
Otros Autores: Satorre, Emilio Horacio.
Formato: Libro
Idioma:Spanish
Publicado: Buenos Aires : AACREA, 1999.
Series:Cuaderno de actualización técnica, nº 62
Etiquetas: Agregar Etiqueta
Sin Etiquetas, Sea el primero en etiquetar este registro!
LEADER 00651nam a22001695a 4500
001 EEA.libagro006413
005 20180622113153.0
008 130809s1999####ag#a##########000#0#spa#d
082 0 4 |a 633.85 
245 0 0 |a Girasol /  |c coordinador: Emilio Satorre. 
260 |a Buenos Aires :  |b AACREA,  |c 1999. 
300 |a 150 p. :  |b il. ;  |c 28 cm. 
490 1 |a Cuaderno de actualización técnica,  |x 1514-1276 ;  |v nº 62 
700 1 |a Satorre, Emilio Horacio. 
710 2 |a Asociación Argentina de Consorcios Regionales de Experimentación Agrícola. 
859 |a AR-BbBCA  |b BIB. AGRONOMIA  |h 633.85  |i S253  |p 1999/3774 
859 |a AR-BbBCA  |b BIB. AGRONOMIA  |h 633.85  |i S253  |p 2005/4765  |t Ej.2